| 000 | 00676nam a22002177a 4500 | ||
|---|---|---|---|
| 999 |
_c5570 _d5570 |
||
| 003 | AR-CdUCM | ||
| 008 | 190312b ||||| |||| 00| 0 spa d | ||
| 040 |
_aMUNICIPALIDAD PROVINCIAL DEL CUSCO _cBIBLIOTECA MUNICIPAL DEL CUSCO |
||
| 082 |
_a869.154 / _bG25 |
||
| 100 |
_aGarcía Terrés, Jaime _916680 |
||
| 245 | _aGrecia 60 poesía y verdad / | ||
| 260 |
_aMéxico : _bEdiciones Era, _c1962. |
||
| 300 |
_a102 páginas ; _bFotografías, _c19 cm. |
||
| 500 | _aDonación familia Luis Nieto | ||
| 505 | _aContenido: Poesía griega. | ||
| 650 |
_aPoesía griega. _95995 |
||
| 650 |
_aEl puerto _916681 |
||
| 650 |
_aMitología _95359 |
||
| 942 |
_2ddc _cLIBROS |
||
| 945 | _adavv | ||